Полное собрание сочинений. Т. 1: Стихотворения, 1813-1820 (Запись № 6299687)

Подробности
000 -МАРКЕР
контрольное поле 01332nam2a22002531 4500
001 - ИДЕНТИФИКАТОР ЗАПИСИ
контрольное поле rc\2357463
005 - ИДЕНТИФИКАТОР ВЕРСИИ
контрольное поле 20201217142722.0
035 ## - ДРУГИЕ СИСТЕМНЫЕ НОМЕРА
Идентификатор записи (NLR Aleph) 006507935
100 ## - ДАННЫЕ ОБЩЕЙ ОБРАБОТКИ
Данные общей обработки 20110829d1962 |||y0rusy50 ca
101 0# - ЯЗЫК РЕСУРСА
Язык текста, звукозаписи и т.д. русский
102 ## - СТРАНА ПУБЛИКАЦИИ ИЛИ ПРОИЗВОДСТВА
Страна публикации Российская Федерация
105 ## - ПОЛЕ КОДИРОВАННЫХ ДАННЫХ: ТЕКСТОВЫЕ МАТЕРИАЛЫ, МОНОГРАФИЧЕСКИЕ
Кодированные данные о монографическом текстовом документе c z |||a|
200 1# - ЗАГЛАВИЕ И СВЕДЕНИЯ ОБ ОТВЕТСТВЕННОСТИ
Основное заглавие Стихотворения, 1813-1820
Первые сведения об ответственности [Текст проверен и примеч. сост. проф. Б В. Томашевским].
210 ## - ПУБЛИКАЦИЯ, РАСПРОСТРАНЕНИЕ И ДР.
Дата издания, распространения и т.д. 1962
215 ## - ФИЗИЧЕСКАЯ ХАРАКТЕРИСТИКА
Специфическое обозначение материала и объем 535 с. 1 л. порт
461 #0 - УРОВЕНЬ НАБОРА
Встроенное поле 001rc\2357462
-- 2001#$aПолное собрание сочинений$eВ 10 т.$fАкад. наук СССР. Ин-т русской литературы (Пушкинский дом)$vТ. 1
-- 700#1$aПушкин$bА.С.$gАлександр Сергеевич$f1799-1837$cпоэт$3RU\NLR\AUTH\77386
Системный номер (АБИС) связанной записи 6299680
Автор Пушкин, А. С. (поэт ; 1799-1837)
Место публикации Москва
Дата публикации 1962
Издание 3-е изд. Т. 1
Первые сведения об ответственности Акад. наук СССР. Ин-т русской литературы (Пушкинский дом)
Имя издателя, распространителя и т.д. Изд-во Акад. Наук СССР
Сведения, относящиеся к заглавию В 10 т.
Заглавие Полное собрание сочинений
Номер тома Т. 1
702 #1 - ИМЯ ЛИЦА - ВТОРИЧНАЯ ОТВЕТСТВЕННОСТЬ
Начальный элемент ввода Томашевский
Часть имени, кроме начального элемента ввода Б. В.
Код отношения Автор введения, предисловия, примечания и т.п.
801 #0 - ИСТОЧНИК ЗАПИСИ
Страна Российская Федерация
Организация NLR
Правила каталогизации psbo
801 #1 - ИСТОЧНИК ЗАПИСИ
Страна Российская Федерация
Организация ELAR
Источник данных rusmarc
852 ## - МЕСТОНАХОЖДЕНИЕ И ШИФР ХРАНЕНИЯ
Идентификатор организации NLR
Шифр хранения (Call Number) Пушкин/1-143
942 ## - ДОПОЛНИТЕЛЬНЫЕ ЭЛЕМЕНТЫ ЗАПИСИ (АБИС)
Тип экземпляра АБИС Книга
980 ## - КОЛЛЕКЦИЯ
Название коллекции Национальная библиография
Экземпляры
Тип экземпляра Дата поступления Библиотека постоянного хранения Библиотека текущего хранения Место хранения Шифр хранения Штрих-код Статус экземпляра
Книга 26.10.2013 РНБ (Садовая) РНБ (Садовая) Русский книжный фонд -Главное здание, Ленинский читальный зал Пушкин/1-143 6507935-10